000 01032nam a22002897a 4500
001 4570
003 FISKH
005 20240917100134.0
008 240917b cb ||||| |||| 00| 0 eng d
020 _a059045224X
040 _aFISKH
_beng
_cFISKH
_dFISKH
050 _aPZ10.3
100 _aPeterson, John
_d(1924–2002)
245 _aMystery in the night woods /
_cBy John Peterson illustrated by Cyndy Szekeres Cover illustration by Jacqueline Rogers
250 _aPublished in 1969
260 _aNew York :
_bScholastic,
_c1969.
300 _a80 pages :
_billustrations ;
_c20cm
505 _aO
520 _aWeasel is after something, and he's going to trick Flying Squirrel to get it. But Flying Squirrel has a friend, Mr. Bat, who isn't going to sit around and let Weasel get away with it!
521 8 _a600L
_bLexile
521 8 _aO
_bRaz-Plus
650 _2Mystery
_aChapter book
650 _2Animals
_aBackyard animals
700 _aSzekeres, Cyndy
_dIllustrator
942 _2ddc
_cBK
_n0
999 _c4570
_d4570